| Поле | Инд. | ПП | Название | Значение |
|---|---|---|---|---|
| Тип записи | a | |||
| Библиографический уровень | b | |||
| 001 | Контрольный номер | RU/IS/BASE/441289081 | ||
| 005 | Дата корректировки | 20200522191632.2 | ||
| 008 | Кодируемые данные | 20131225 | ||
| 040 | b | Код языка каталог. | rus | |
| e | Правила каталог. | PSBO | ||
| 041 | 0_ | a | Код языка текста | rus |
| 084 | a | Индекс другой классификации/Индекс ББК | 65.261.713(55); 65.261.713(235.7) | |
| 100 | 1_ | a | Автор | Землянский Д. |
| 245 | 10 | a | Заглавие | Финансовая поддержка регионов Северного Кавказа и Дальнего Востока - реальные противоречия и перспективы экономического развития |
| 504 | a | Библиография | Лит. в конце статьи | |
| 520 | a | Аннотация | В статье рассматриваются финансовое обеспечение, проблемы развития, инвестиционная привлекательность двух регионов - Дальнего Востока и Северного Кавказа. | |
| 650 | 14 | a | Основная рубрика | региональные финансы |
| a | Основная рубрика | финансы | ||
| a | Основная рубрика | экономика | ||
| 653 | 1_ | a | Ключевые слова | бюджетная устойчивость |
| a | Ключевые слова | бюджетные риски | ||
| a | Ключевые слова | Дальний Восток | ||
| a | Ключевые слова | инвестиционная привлекательность | ||
| a | Ключевые слова | конкурентоспособность региона | ||
| a | Ключевые слова | конкурентоспособность экономики | ||
| a | Ключевые слова | макроэкономика | ||
| a | Ключевые слова | развитие регионов | ||
| a | Ключевые слова | региональная экономика | ||
| a | Ключевые слова | региональное неравенство | ||
| a | Ключевые слова | регионы России | ||
| a | Ключевые слова | Россия | ||
| a | Ключевые слова | Северный Кавказ | ||
| a | Ключевые слова | социальная политика | ||
| a | Ключевые слова | социально-экономическое развитие | ||
| a | Ключевые слова | стратегия развития | ||
| a | Ключевые слова | субъекты федерации | ||
| a | Ключевые слова | устойчивое развитие | ||
| a | Ключевые слова | федеральный бюджет | ||
| a | Ключевые слова | эффективность экономики | ||
| 773 | 08 | t | Заглавие источника | РИСК: ресурсы, информация, снабжение, конкуренция |
| d | Дата издания источника | 2012 | ||
| g | Прочая информация | № 3. - С. 218 - 226 : табл. | ||
| w | Контрольный № источника | RU/IS/BASE/407439363 | ||
| 901 | t | Тип документа | b |